00394pab a2200133 454500008004000000100002500040245006900065260000900134300001300143362000800156650001800164650002600182773005200208180718b1998 xxu||||| |||| 00| 0 eng d aBissessar, Aun Marie aRe-engineering the public services of the Commonwealth Caribbean c1998 ap.305-26 aJun aPublic sector aPublic administration aInternational Review of Administrative Sciences